[Event "Lento 2018"]
[Site "SchemingMind.com"]
[Date "2018.10.06"]
[Round "-"]
[White "Apocalypse"]
[Black "raphy66"]
[Result "0-1"]
[WhiteCountry "USA"]
[BlackCountry "FRA"]
[WhiteElo "2352"]
[WhiteRD "78"]
[BlackElo "2749"]
[BlackRD "177"]
[GameID "433315"]

1. e4 c5 2. c3 Nf6 3. e5 Nd5 4. d4 cxd4 5. Nf3 e6 6. cxd4 d6 7. Bc4 Nc6 8. O-O Be7 9. exd6 Qxd6 10. Re1 O-O
11. Nc3 Rd8 12. a3 a6 13. Ne4 Qc7 14. Qd3 h6 15. Bd2 Nf4 16. Bxf4 Qxf4 17. Rad1 b5 18. Ba2 Bb7 19. b4 Bf6 20. d5 Ne7
21. d6 Ng6 22. Bb1 Rac8 23. h3 Nf8 24. Re3 h5 25. h4 Bxe4 26. Rxe4 Qh6 27. Re3 Rc3 28. Qe4 Rxe3 29. fxe3 Nd7 30. Bc2 Nb6
31. Bb3 Qh7 32. Qxh7+ Kxh7 33. Kf2 Kg8 34. Rd2 Kf8 35. Ke2 Nd7 36. Rc2 Ne5 37. Nxe5 Bxe5 38. Rc5 Bxd6 39. Rc6 Bg3 40. Rxa6 Rb8
41. Kd2 Bxh4 42. Bd1 g6 43. Bf3 Bf6 44. Kc2 Kg7 45. Rc6 Bg5 46. Rc3 h4 47. Kd2 Rd8+ 48. Rd3 Rc8 49. Rc3 Rxc3
0-1

[Event "Lento 2018"]
[Site "SchemingMind.com"]
[Date "2018.10.07"]
[Round "-"]
[White "raphy66"]
[Black "Keithk"]
[Result "1-0"]
[WhiteCountry "FRA"]
[BlackCountry "ENG"]
[WhiteElo "2824"]
[WhiteRD "163"]
[BlackElo "2549"]
[BlackRD "69"]
[GameID "433317"]

1. e4 e5 2. Nf3 Nc6 3. Bc4 Nf6 4. d3 Bc5 5. O-O d6 6. c3 O-O 7. Re1 a6 8. a4 Ba7 9. h3 h6 10. Nbd2 Nh5
11. Nf1 Qf6 12. Be3 Bxe3 13. Nxe3 Nf4 14. Nd5 Nxd5 15. exd5 Ne7 16. d4 Ng6 17. Bf1 Bd7 18. a5 Rfe8 19. dxe5 dxe5 20. c4 Rad8
21. Qb3 Bc8 22. Qc3 e4 23. Qxf6 gxf6 24. Nd2 f5 25. Rad1 Kg7 26. b4 Rd6 27. f3 e3 28. Nb1 f4 29. Nc3 Rdd8 30. Rd4 Kf6
31. Ne2 Kg5 32. b5 f5 33. Rb1 h5 34. b6 cxb6 35. h4+ Kxh4 36. g3+ Kg5 37. gxf4+ Kh6 38. Rxb6 Re7 39. d6 Rg7 40. Kh2 Bd7
41. Rd3 Rc8 42. Rc3 Rc5 43. Rxb7 Rxa5 44. c5 Ra1 45. Nc1 Bc6 46. Rc7 Rxc7 47. dxc7 Bd7 48. Bc4 Bc8 49. Ne2 Ra5 50. Bb3 Rb5
51. c6 Rb6 52. Nd4 e2 53. Nxe2 Kg7 54. Nd4 Nxf4 55. Re3 Kf8 56. Kg3 Ng6 57. Ne6+ Ke7 58. Nf4+ Kd6 59. Nxg6 Rxc6 60. Ne7 Rxc7
61. Nxc8+ Rxc8 62. Re6+ Kc5 63. Rxa6 Rf8 64. Kf4 Rh8 65. Ke5 Rd8 66. f4 Rd3 67. Be6 Re3+ 68. Kxf5
1-0

[Event "Lento 2018"]
[Site "SchemingMind.com"]
[Date "2018.10.21"]
[Round "-"]
[White "frankly"]
[Black "Apocalypse"]
[Result "1-0"]
[WhiteCountry "ENG"]
[BlackCountry "USA"]
[WhiteElo "2550"]
[WhiteRD "63"]
[BlackElo "2375"]
[BlackRD "75"]
[GameID "433667"]

1. d4 Nf6 2. c4 e6 3. Nf3 b6 4. g3 Bb4+ 5. Bd2 Bxd2+ 6. Qxd2 Ba6 7. b3 d5 8. Bg2 O-O 9. O-O Nbd7 10. Ne5 c5
11. Nxd7 Qxd7 12. dxc5 bxc5 13. Qa5 Bb7 14. cxd5 Bxd5 15. Nd2 Rac8 16. Rfd1 Bxg2 17. Kxg2 h6 18. Rac1 Qe7 19. Nf3 e5 20. Nd2 Rfd8
21. Nc4 Nd5 22. e4 Nf6 23. Rxd8+ Rxd8 24. f3 Rd4 25. Rc2 g6 26. h4 Kg7 27. Re2 Rd7 28. Qb5 Rb7 29. Qa4 Rc7 30. Rd2 Nd7
31. Ne3
1-0

[Event "Lento 2018"]
[Site "SchemingMind.com"]
[Date "2018.10.17"]
[Round "-"]
[White "Keithk"]
[Black "frankly"]
[Result "1/2-1/2"]
[WhiteCountry "ENG"]
[BlackCountry "ENG"]
[WhiteElo "2544"]
[WhiteRD "64"]
[BlackElo "2538"]
[BlackRD "63"]
[GameID "433669"]

1. d4 Nf6 2. c4 e6 3. Nf3 b6 4. g3 Ba6 5. b3 Bb4+ 6. Bd2 Be7 7. Bg2 c6 8. Bc3 d5 9. Ne5 Nfd7 10. Nxd7 Nxd7
11. Nd2 O-O 12. O-O Rb8 13. Bb2 f5 14. Qc2 Rc8 15. Nf3 c5 16. Rfd1 Bf6 17. Rac1 Qe7 18. Ba3 dxc4 19. bxc4 Bb7 20. d5 exd5
21. cxd5 Qe4 22. Bh3 Qxc2 23. Rxc2 g6 24. g4 Rce8 25. gxf5 g5 26. e3 Ba6 27. Bf1 Bxf1 28. Kxf1 Bd8 29. Nd4 cxd4 30. Bxf8 Rxf8
31. Rxd4 Nc5 32. e4 Bf6 33. Rdc4 Kf7 34. f3 Be5 35. a4 Kf6 36. h3 a5 37. Rxc5 bxc5 38. Rxc5 Ra8 39. Rc6+ Kf7 40. Re6 Re8
41. Ra6 Rb8 42. Rxa5 Rb1+ 43. Ke2 Rb2+ 44. Kd3 Rb3+ 45. Kc4 Rxf3 46. Ra7+ Kf8 47. a5 Rc3+ 48. Kb4 h5 49. a6 Rc2 50. Rh7 Rb2+
51. Ka3 Rb6 52. a7 Ra6+ 53. Kb4 Bd4 54. Rxh5 Rxa7 55. Rxg5 Bf6 56. Rg6 Kf7 57. Kb5 Ra3=
1/2-1/2

[Event "Lento 2018"]
[Site "SchemingMind.com"]
[Date "2018.10.17"]
[Round "-"]
[White "raphy66"]
[Black "frankly"]
[Result "1-0"]
[WhiteCountry "FRA"]
[BlackCountry "ENG"]
[WhiteElo "2793"]
[WhiteRD "166"]
[BlackElo "2587"]
[BlackRD "68"]
[GameID "433670"]

1. e4 c5 2. Nf3 Nc6 3. d4 cxd4 4. Nxd4 e5 5. Nb5 d6 6. N1c3 a6 7. Na3 b5 8. Nd5 Nce7 9. c4 Nxd5 10. exd5 bxc4
11. Nxc4 Nf6 12. Be3 Be7 13. Be2 O-O 14. a4 Rb8 15. O-O Bb7 16. Nb6 Qe8 17. a5 Bd8 18. Bc4 Nd7 19. Nxd7 Qxd7 20. b4 f5
21. f3 Ra8 22. Qe2 Qf7 23. Bd3 Kh8 24. Rfd1 h6 25. Rac1 Bh4 26. Bb6 Bd8 27. Kh1 Re8 28. h3 Bxb6 29. axb6 Re7 30. Rc3 Rae8
31. Bc2 Qf6 32. Qe3 Rf8 33. Rc6 Kh7 34. Qb3 h5 35. Qc3 Rff7 36. Ra1 Qh6 37. Re1 Qf4 38. Rd1 Rd7 39. Bd3 Rde7 40. Rf1 Qg3
41. Qd2 Rd7 42. Qe2 Qh4 43. Bxa6 Bxa6 44. Qxa6 Qxb4 45. Qd3 Qf4 46. Rc4 Qg5 47. Qc2 Qd8 48. Rb1 Rb7 49. Rc8 Qe7 50. Rb4 e4
51. fxe4 Qe5 52. Qb1 f4 53. Qb2 Qg5 54. Qf2 Qf6 55. Qf3 Qg5 56. Re8 Rf6 57. Rb5 Rg6 58. Rb3 h4 59. Rf8 Rf6 60. Rc8 Rff7
61. Kg1 Kg6 62. Rh8 Rf6 63. Kh1 Kf7 64. Rc8 Kg6 65. Rc6 Qg3 66. Qg4+ Qxg4 67. hxg4 Kg5 68. Rc7
1-0

[Event "Lento 2018"]
[Site "SchemingMind.com"]
[Date "2019.03.05"]
[Round "-"]
[White "Apocalypse"]
[Black "Till Plewe"]
[Result "1/2-1/2"]
[WhiteCountry "USA"]
[BlackCountry "JPN"]
[WhiteElo "2348"]
[WhiteRD "91"]
[BlackElo "2508"]
[BlackRD "88"]
[GameID "439037"]

1. e4 Nf6 2. e5 Nd5 3. c4 Nb6 4. Nc3 d6 5. exd6 cxd6 6. Nf3 g6 7. Be2 Bg7 8. h3 O-O 9. d4 Nc6 10. O-O Bf5
11. a3 Re8 12. g4 Bc8 13. Re1 f5 14. c5 fxg4 15. hxg4 dxc5 16. dxc5 Qxd1 17. Rxd1 Nd7 18. Be3 Nde5 19. Nxe5 Nxe5 20. Nd5 Rb8
21. Rd4 Bd7 22. Nb4 a5 23. Nd3 Bc6 24. Nxe5 Bxe5 25. Rd2 Rbd8 26. Rad1 Rxd2 27. Rxd2 a4 28. g5 Kf7=
1/2-1/2

[Event "Lento 2018"]
[Site "SchemingMind.com"]
[Date "2019.03.05"]
[Round "-"]
[White "frankly"]
[Black "Till Plewe"]
[Result "1/2-1/2"]
[WhiteCountry "ENG"]
[BlackCountry "JPN"]
[WhiteElo "2593"]
[WhiteRD "63"]
[BlackElo "2515"]
[BlackRD "80"]
[GameID "439039"]

1. e4 Nf6 2. e5 Nd5 3. d4 d6 4. Nf3 g6 5. Bc4 Nb6 6. Bb3 Bg7 7. Ng5 e6 8. Qf3 Qe7 9. Ne4 dxe5 10. Bg5 Qb4+
11. c3 Qa5 12. Bf6 O-O 13. dxe5 N8d7 14. Nbd2 Nxe5 15. Qg3 Bxf6 16. Nxf6+ Kg7 17. Nh5+ Kh8 18. Nf4 Bd7 19. O-O Bc6 20. Rfe1 Ned7
21. a4 e5 22. Nd3 Rae8 23. Bc4 Nxc4 24. Nxc4 Qd5 25. Ncxe5 Nxe5 26. Nxe5 f6 27. Nxc6 Qxc6 28. h4 Rxe1+ 29. Rxe1 Rf7 30. Qg4=
1/2-1/2

[Event "Lento 2018"]
[Site "SchemingMind.com"]
[Date "2019.03.05"]
[Round "-"]
[White "Till Plewe"]
[Black "Keithk"]
[Result "1/2-1/2"]
[WhiteCountry "JPN"]
[BlackCountry "ENG"]
[WhiteElo "2520"]
[WhiteRD "92"]
[BlackElo "2549"]
[BlackRD "69"]
[GameID "439040"]

1. e4 c5 2. Nf3 d6 3. d4 cxd4 4. Nxd4 Nf6 5. Nc3 a6 6. h3 e5 7. Nde2 h5 8. Bg5 Be6 9. Bxf6 Qxf6 10. Nd5 Qd8
11. Qd3 Nd7 12. O-O-O g6 13. Kb1 Nc5 14. Qa3 Bxd5 15. Rxd5 Rc8 16. Nc3 Nd7 17. Be2 Nb6 18. Rdd1 d5 19. Qb3 d4 20. f4 Bd6
21. Na4 Rc6 22. fxe5 Bxe5 23. c3 Nxa4 24. Qxa4 Qh4 25. Bxa6 dxc3 26. Bb5 Qf2 27. Bxc6+ bxc6 28. Qc2 Qxc2+ 29. Kxc2 cxb2 30. Rd3 Ke7
31. Rhd1=
1/2-1/2

[Event "Lento 2018"]
[Site "SchemingMind.com"]
[Date "2019.03.04"]
[Round "-"]
[White "Till Plewe"]
[Black "raphy66"]
[Result "1/2-1/2"]
[WhiteCountry "JPN"]
[BlackCountry "FRA"]
[WhiteElo "2547"]
[WhiteRD "89"]
[BlackElo "2779"]
[BlackRD "160"]
[GameID "439041"]

1. e4 e5 2. Nf3 Nc6 3. Nc3 Nf6 4. d4 exd4 5. Nxd4 Bb4 6. Nxc6 bxc6 7. Bd3 d5 8. exd5 O-O 9. O-O cxd5 10. h3 Rb8
11. Qf3 Rb6 12. a3 Be7 13. b4 Bb7 14. Na4 d4 15. Qf5 Rd6 16. Nc5 Ba8 17. Bc4 Nd5 18. Re1 Rg6 19. Bf1 Bh4 20. Ne4 Ne3
21. Bxe3 dxe3 22. Rxe3 Bxe4 23. Rxe4 Rf6 24. Qg4 Bxf2+ 25. Kh1 g6 26. Rd1 Rd6 27. Rxd6 cxd6 28. Qf3 Bb6 29. Re1 Qc8 30. Qe4 Qc3
31. Bc4 Qxa3 32. Rf1 Qe3 33. Qxe3 Bxe3 34. Rf6 Rb8 35. b5 d5 36. Bxd5 Rxb5 37. Bxf7+ Kg7 38. Rf3 Bb6=
1/2-1/2

[Event "Lento 2018"]
[Site "SchemingMind.com"]
[Date "2019.03.17"]
[Round "-"]
[White "kibic"]
[Black "Apocalypse"]
[Result "1-0"]
[WhiteCountry "INT"]
[BlackCountry "USA"]
[WhiteElo "2551"]
[WhiteRD "79"]
[BlackElo "2352"]
[BlackRD "78"]
[GameID "439268"]

1. e4 c5 2. Nf3 Nc6 3. d4 cxd4 4. Nxd4 g6 5. Nc3 Bg7 6. Be3 Rb8 7. Be2 a6 8. g4 e6 9. Qd2 Qc7 10. O-O-O Nge7
11. Bf4 e5 12. Nxc6 bxc6 13. Bh6 Bxh6 14. Qxh6
1-0